header

Changing life (Record no. 133528)

MARC details
000 -LEADER
fixed length control field 01495nam a2200373Ia 4500
082 04 - DEWEY DECIMAL CLASSIFICATION NUMBER
Classification number 570/.1
245 00 - TITLE STATEMENT
Title Changing life
260 ## - PUBLICATION, DISTRIBUTION, ETC. (IMPRINT)
Place of publication Minneapolis, MN :
Name of publisher University of Minnesota Press,
Year of publication c1997.
300 ## - PHYSICAL DESCRIPTION
Number of Pages 230 p. :
Other physical details ill.
490 1# - SERIES STATEMENT
Series statement Cultural politics ;
650 #0 - SUBJECT ADDED ENTRY--TOPICAL TERM
Topical Term Life sciences
Topical Term Life sciences
700 1# - ADDED ENTRY--PERSONAL NAME
Personal name Taylor, Peter J.,
Personal name Halfon, Saul E.
Personal name Edwards, Paul N.
856 40 - ELECTRONIC LOCATION AND ACCESS
Uniform Resource Identifier http://site.ebrary.com/lib/rucke/Doc?id=10159669

No items available.

© 2026 Rongo University
Contact us: librarian | system librarian | Rongo university